Propagation of waves (Record no. 3613)

MARC details
000 -LEADER
fixed length control field 00617nam a2200217Ia 4500
003 - CONTROL NUMBER IDENTIFIER
control field IN-BaIIA
008 - FIXED-LENGTH DATA ELEMENTS--GENERAL INFORMATION
fixed length control field 211028s9999 xx 000 0 eng d
020 ## - INTERNATIONAL STANDARD BOOK NUMBER
International Standard Book Number 0-08-012114-4
040 ## - CATALOGING SOURCE
Transcribing agency IIA Library
080 ## - UNIVERSAL DECIMAL CLASSIFICATION NUMBER
Universal Decimal Classification number 538.3
Item number DAV
100 ## - MAIN ENTRY--PERSONAL NAME
Personal name David, Pierre
9 (RLIN) 6406
245 #0 - TITLE STATEMENT
Title Propagation of waves
Statement of responsibility, etc. P. David and J. Voge; translated by J. B. Arthur
260 ## - PUBLICATION, DISTRIBUTION, ETC.
Place of publication, distribution, etc. Oxford
Name of publisher, distributor, etc. Pergamon Press
Date of publication, distribution, etc. 1969
300 ## - PHYSICAL DESCRIPTION
Extent x, 329p.
650 ## - SUBJECT ADDED ENTRY--TOPICAL TERM
Topical term or geographic name entry element Astronomy and astrophysics thesaurus
650 ## - SUBJECT ADDED ENTRY--TOPICAL TERM
Topical term or geographic name entry element Electromagnetic waves
9 (RLIN) 2401
650 ## - SUBJECT ADDED ENTRY--TOPICAL TERM
Topical term or geographic name entry element Waves
700 ## - ADDED ENTRY--PERSONAL NAME
Personal name Arthur, J. B., tr.
9 (RLIN) 6407
700 ## - ADDED ENTRY--PERSONAL NAME
Personal name Voge, Jean
9 (RLIN) 6408
942 ## - ADDED ENTRY ELEMENTS (KOHA)
Koha item type Books
Holdings
Withdrawn status Lost status Damaged status Not for loan Home library Current library Shelving location Date acquired Cost, normal purchase price Total Checkouts Full call number Barcode Date last seen Cost, replacement price Price effective from Koha item type Purchase Price
        IIA Library-Bangalore IIA Library-Bangalore General Stacks 07/11/1970 68.85   538.3/ DAV 4035 05/11/2021 68.85 07/11/1970 Books Rs. 68.85

Powered by Koha